000 03128cam a2200313 4500500
005 20251228074247.0
041 _afre
042 _adc
100 1 0 _aBoisson, Marine Jeanne
_eauthor
700 1 0 _aLegros, Baptiste
_eauthor
700 1 0 _aPonge, Rémy
_eauthor
245 0 0 _aPeut-on en finir avec l’autonomie professionnelle ? Les paradoxes de la prévention du risque dans la restauration parisienne
260 _c2021.
500 _a34
520 _aLa restauration ne fait pas exception dans le domaine de la prévention des risques sanitaires. Elle connaît depuis les années 1990 une rationalisation de ses dispositifs sociotechniques de contrôle pour garantir une plus grande sécurité aux consommateurs. Si l’État a encouragé la standardisation des pratiques d’inspections des restaurants, en les adossant à des méthodes plus techniques et scientifiques, l’autonomie des inspecteurs – leur capacité à évaluer, en situation, la « bonne manière » de contrôler – n’est pas annulée face aux aléas (humains, financiers et techniques) qui se présentent à eux. Les inspecteurs déploient un sens de la justice, tenant compte d’inégalités entre restaurateurs, qui résiste non seulement à son évacuation dans le dispositif de travail et à la standardisation de l’inspection. L’article souligne alors que l’État, en contraignant davantage l’autonomie professionnelle des inspecteurs, a paradoxalement atténué l’idéal de standardisation et de prévention du risque sanitaire qu’il souhaitait renforcer.
520 _aIn the field of health risk prevention, catering is no exception. Since the 1990s, the sociotechnical devices used to control catering have been rationalised to guarantee the greater safety of consumers. The State has pushed for a standardisation of food inspection’s practices and introduced technical and scientific methods. However, this article shows that the autonomy of inspectors abides. They remain able to assess, in social situations, what a “proper” control is. By taking inequalities between restaurant owners into consideration, inspectors develop a sense of justice which resists not only to its evacuation from the work organisation, but also to the standardisation of inspection. This sense of justice is prompted by human, financial and technical resistances. The article then argues that the State, by further restricting the professional autonomy of inspectors, has paradoxically depleted the ideal of health risk prevention and standardisation that it had wished to reinforce.
690 _aautonomie professionnelle
690 _anew public management
690 _aprévention des risques
690 _arestauration
690 _asens de la justice
690 _acatering
690 _anew public management
690 _aprofessional autonomy
690 _arisk prevention
690 _asense of justice
786 0 _nSociologies pratiques | 41 | 2 | 2021-01-25 | p. 25-37 | 1235-9278
856 4 1 _uhttps://shs.cairn.info/revue-sociologies-pratiques-2020-2-page-25?lang=fr&redirect-ssocas=7080
999 _c1597339
_d1597339